000 00975nam a2200289 a 4500
008
020 _a0256153221 (spiral bound)
049 _aMAIN
090 _aHF5548.4
100 1 _aHutchinson, Sarah E.
245 1 0 _aDOS 5.0, WordPerfect 5.1, Lotus 1-2-3 (2.2 and 2.3), dBase IV /
_cSarah E. Hutchinson, Stacey C. Sawyer, Glen J. Coulthard.
260 _aBurr Ridge, Ill. :
_bIrwin,
_cc1994.
300 _ax, 380 p. (various pagings) :
_bill. ;
_c28 cm.
440 4 _aThe Irwin advantage series for computer education.
500 _aIncludes index.
650 0 _aApplication software.
630 0 0 _aWordPerfect (Computer file).
630 0 0 _aLotus 1-2-3 (Computer file).
630 0 0 _adBASE IV (Computer file).
700 1 _aSawyer, Stacey C.
700 1 _aCoulthard, Glen J.
907 _a.b10028559
_b23-01-07
_c17-04-03
003
005 20230123134322.0
040 _cNUST
942 _cBOOKS
_kHF5548.4
999 _c163817
_d163817